ARRUPE JESUIT UNIVERSITY

CORONAVIRUS -STOP THE SPREAD - CLEAN,DISINFECT,COVER

A well-built faith : (Record no. 122283)

MARC details
000 -LEADER
fixed length control field 01166cam a2200301 a 4500
001 - CONTROL NUMBER
control field 15235798
003 - CONTROL NUMBER IDENTIFIER
control field ARRUPE
005 - DATE AND TIME OF LATEST TRANSACTION
control field 20150327130906.0
008 - FIXED-LENGTH DATA ELEMENTS--GENERAL INFORMATION
fixed length control field 080327s2008 ilua 000 0 eng
010 ## - LIBRARY OF CONGRESS CONTROL NUMBER
LC control number 2008014205
020 ## - INTERNATIONAL STANDARD BOOK NUMBER
International Standard Book Number 9780829427578 (pbk.)
020 ## - INTERNATIONAL STANDARD BOOK NUMBER
International Standard Book Number 0829427570 (pbk.)
035 ## - SYSTEM CONTROL NUMBER
System control number (OCoLC)ocn213445859
035 ## - SYSTEM CONTROL NUMBER
System control number (OCoLC)213445859
040 ## - CATALOGING SOURCE
Original cataloging agency DLC
Transcribing agency DLC
Modifying agency YDX
-- BTCTA
-- BAKER
-- YDXCP
-- DLC
050 00 - LIBRARY OF CONGRESS CALL NUMBER
Classification number BX1754
Item number .P34 2008
082 00 - DEWEY DECIMAL CLASSIFICATION NUMBER
Classification number 282
Edition number 22
300 ## - PHYSICAL DESCRIPTION
Other physical details ill. ;
Dimensions 23 cm.
100 1# - MAIN ENTRY--PERSONAL NAME
Personal name Paprocki, Joe.
9 (RLIN) 15799
245 12 - TITLE STATEMENT
Title A well-built faith :
Remainder of title a Catholic's guide to knowing and sharing what we believe /
Statement of responsibility, etc Joe Paprocki.
260 ## - PUBLICATION, DISTRIBUTION, ETC. (IMPRINT)
Place of publication, distribution, etc Chicago, Ill. :
Name of publisher, distributor, etc Loyola Press,
Date of publication, distribution, etc c2008.
300 ## - PHYSICAL DESCRIPTION
Extent xiv, 157 p. :
505 0# - FORMATTED CONTENTS NOTE
Formatted contents note The creed : holding on to faith -- The sacraments : expressing faith -- The moral life : living faith -- Prayer : praying faith.
610 20 - SUBJECT ADDED ENTRY--CORPORATE NAME
Corporate name or jurisdiction name as entry element Catholic Church
General subdivision Doctrines.
9 (RLIN) 15819
650 #0 - SUBJECT ADDED ENTRY--TOPICAL TERM
Topical term or geographic name as entry element Theology, Doctrinal
Form subdivision Popular works.
9 (RLIN) 8923
906 ## - LOCAL DATA ELEMENT F, LDF (RLIN)
a 7
b cbc
c orignew
d 1
e ecip
f 20
g y-gencatlg
942 ## - ADDED ENTRY ELEMENTS (KOHA)
Source of classification or shelving scheme Library of Congress Classification
Koha item type Monograph ( Printed materials)
Holdings
Withdrawn status Lost status Source of classification or shelving scheme Damaged status Not for loan Collection code Home library Current library Shelving location Date acquired Total Checkouts Full call number Barcode Date last seen Price effective from Koha item type
    Library of Congress Classification     Main Collection ARRUPE LIBRARY ARRUPE LIBRARY Main Collection 05/03/2015   BX1754.P34 2008 46500000927 22/11/2017 05/03/2015 Monograph ( Printed materials)

 

Arrupe Library. PO Box MP320 Mt Pleasant, Harare, Zimbabwe
263 242 745411|librarian@aju.ac.zw